Incorporación de facilidades de abonado de centrales digitales a centrales analógicas del tipo Ericsson ARF-102 modificadas
Tallennettuna:
| Päätekijä: | |
|---|---|
| Muut tekijät: | |
| Aineistotyyppi: | Kirja |
| Julkaistu: |
San José, C.R.
1996
|
| Aiheet: | |
| Tagit: |
Lisää tagi
Ei tageja, Lisää ensimmäinen tagi!
|
MARC
| LEADER | 00000nam a2200000Ia 4500 | ||
|---|---|---|---|
| 001 | 3542 | ||
| 003 | 008054 | ||
| 005 | 20221231144237.0 | ||
| 008 | 140114s1996 cr a m 000 ||s d | ||
| 040 | |c cru CEDI | ||
| 100 | |a Avila Harper, Carlos Luis |9 9819 | ||
| 245 | |a Incorporación de facilidades de abonado de centrales digitales a centrales analógicas del tipo Ericsson ARF-102 modificadas | ||
| 260 | |c 1996 |a San José, C.R. | ||
| 300 | |a vi, 135 hojas : ilustraciones | ||
| 500 | |a Proyecto de graduación (licenciatura en ingeniería eléctrica)--Universidad de Costa Rica. Facultad de Ingeniería. Escuela de Ingeniería Eléctrica | ||
| 650 | |x CENTRALES TELEFONICAS - INVESTIGACIONES |9 9809 | ||
| 700 | |9 9820 |a Vega Villalobos, Braulio | ||
| 942 | |c TFG | ||
| 999 | |c 18978 |d 18978 | ||
